IFM Opac

Policy Developments in Overseas Training. (Record no. 14689)

MARC details
000 -LEADER
fixed length control field 00309nam a22001097a 4500
082 ## - DEWEY DECIMAL CLASSIFICATION NUMBER
Classification number 378POL.
100 ## - MAIN ENTRY--PERSONAL NAME
Personal name T.L.Maliyamkono
9 (RLIN) 4852
245 ## - TITLE STATEMENT
Title Policy Developments in Overseas Training.
260 ## - PUBLICATION, DISTRIBUTION, ETC.
Place of publication, distribution, etc. Nairobi.
Name of publisher, distributor, etc. Eastern African Universities Research Project.
Date of publication, distribution, etc. 1980.
300 ## - PHYSICAL DESCRIPTION
Extent viii, 342p.
Other physical details 22cm.
942 ## - ADDED ENTRY ELEMENTS (KOHA)
Koha item type Books
Holdings
Withdrawn status Lost status Damaged status Not for loan Home library Current library Shelving location Date acquired Total Checkouts Full call number Barcode Date last seen Price effective from Koha item type
        IFM Main Campus Library IFM Main Campus Library Archival Collection 01/13/2016   378POL. 0000011641 01/13/2016 02/19/2022 Books